000 00877nam a22002175i 4500
001 151805
003 ES-MaACL
005 20250826060649.0
008 010710m18921895fr |||| | fre d
040 _aCCPB | B
_bspa
_cCCPB | B
100 1 _aBellom, Maurice.
_927265
245 1 4 _aLes lois d'assurance ouvrière a l'étranger /
_cpar Maurice Bellom.
260 _aParis :
_bArthur Rousseau,
_c1892-1895 (
_eLe Puy en Velay) :
_fImprimerie Marchessou fils)
300 _av. ;
_c25 cm.
505 8 _aT. I. Assurance contre la maladie (II, 664 p.) -- T. II. Assurance contre les accidents, primière partie (680, X p.)
650 7 _aAccidentes de trabajo
_2embne
_99573
752 _aFrancia -
_dParís
752 _aFrancia -
_dLe Puy en Velay
852 _aES-MaACL
_jF-11774-11781
_z-- Rúst., excepto T. IV en hol.
_q-- Falto del T. I y X
999 _c151805
_d151805